1189 1586 1534 1188 1352 1522 1692 1906 1835 1174 1472 1513 1008 1616 1007 1387 1069 1300 1012 1341 1250 1412 1598 1212 1119 1340 1643 1756 1051 1625 1991 1255 1984 1663 1043 1361 1868 1235 1091 1897 1836 1802 1090 1128 1929 1201 1765 1980 1011 1745 1646 1348 1880 1979 1032 1181 1112 1346 1540 1346 1228 1387 1002 1741 1007 1069 1591 1166 1002 1442 1020 1903 1606 1336 1723 1614 1229 1943 1367 1246 1168 1028 1734 1230 1340 1770 1295 1494 1921 1047 1513 1594 1662 1974 1220 1404 1536 1148 1628 BCNSPRNW ULIB Ver.6.0+V

เปลี่ยนเป็นภาษาไทย

Change to English
 แสดงรายละเอียดบรรณานุกรม
  กลับหน้าหลัก

Brief Record : Get Marc (ISO 2709) : E-mail record : QR code < ปิดหน้าต่าง
LEADER : 00000nam 2200000uu 4500
001    13399111064
003     ULIB
008    110615s||||||||th 000 0 tha d
020    9789747656039
050  4 BF412^bน284อ 2550
245 00 อัจฉริยะรอบโลก /^cนลิน พรประทาน ... [และคนอื่นๆ],ผู้เรียบเรียง
260    กรุงเทพฯ :^bเวิร์คพอยท์ พับลิชชิ่ง,^c2550
300    397 หน้า :^bภาพประกอบ(สีบางภาพ) ;^c30 ซม.
650  7 อัจฉริยบุคคล
650  7 อัจฉริยบุคคล^xชีวประวัติ
650  7 นักวิทยาศาสตร์
650  7 นักวิทยาศาสตร์^xชีวประวัติ
650  7 นักประดิษฐ์^xชีวประวัติ
700 1  นลิน พรประทาน,^eผู้เรียบเรียง
945    ^p0^l0^i020953
995    ทศพร
999 ^a ใช้งานได้ทุกระบบ
รายการนี้ยังไม่มีแท็ก
คุณยังไม่ได้ล็อกอิน คุณสามารถมีกิจกรรมร่วมกับเว็บไซต์ได้ แต่ต้องล็อกอินก่อน ::
  ล็อกอิน

รายการสื่อสารสนเทศ

ลำดับที่ ประเภท เลขเรียก/บาร์โค้ด สถานที่ สถานะ
- ไม่พบข้อมูล -

รายการใกล้เคียง
    หัวเรื่อง [อัจฉริยบุคคล]
    หัวเรื่อง [นักวิทยาศาสตร์]

BibComment


ยังไม่เคยถูกคอมเมนท์

คอมเมนท์ทรัพยากรรายการนี้
  คอมเมนท์: อัจฉริยะรอบโลก น..


 Copyright 2026. Bcnsprnw @Library